• 首页
  • 本馆介绍
  • 公告通知
  • 最新文献
  • 馆藏检索
  • 电子资源
  • 读者导购
  • 参考咨询
  • 我的图书馆
  • 登录
  • 详细信息显示
  • 放入我的书架
  • 预约/预借图书
  • 作者相关作品
  • 分类相关作品
  • 丛书相关作品
  • 出版社相关作品

书目信息

  • 表格格式
  • 工作单格式
  • 卡片格式
题名:
世界经济参考资料
    
 
作者: 王若波 辑注
分册:  
出版信息: 北京   中国财政经济出版社  1964
页数: 155页
开本: 19cm
丛书名:
单 册:
中图分类: F426.899
科图分类:
主题词: 手工业合作社--中国
电子资源:
ISBN: 4166.127
000 00687cam0 2200241 450
001 0105497095
005 20070927095016.0
010    @a4166.127@dCNY0.44
091    @a4166.127@dCNY0.44
100    @a19960318d1964 em y0chiy0110 ea
101 0  @achi
102    @aCN@b110000
105    @ay z 000yy
106    @ar
200 1  @a世界经济参考资料@9Shi Jie Jing Ji Can;Cen;Shen Kao Zi Liao @f王若波辑注@b专著
210    @a北京@c中国财政经济出版社@d1964
215    @a155页@d19cm
606 0  @a手工业合作社@y中国
690    @aF426.899@v3
701  0 @a王若波@9wang ruo bo@4辑注
801  0 @aCN@b上海图书馆@c19970403
801  2 @aCN@bAiZhiMarc
905    @aBZT@dF426.899@e3@f4@sF426.899/3
    
    世界经济参考资料/王若波辑注.-北京:中国财政经济出版社,1964
    155页;19cm
    
    
    ISBN 4166.127:CNY0.44
    
●
相关链接 在五车中查询图书 在当当中查询图书 在豆瓣中查询图书


正题名:世界经济参考资料     索取号:F426.899/3         预约/预借

序号 登录号 条形码 馆藏地/架位号 状态 备注
1 2000095467   2000095467   旧书回溯/ [索取号:F426.899/3] 在馆    
2 2000095468   2000095468   旧书回溯/ [索取号:F426.899/3] 在馆    
3 2000109408   2000109408   旧书回溯/ [索取号:F426.899/3] 在馆    
4 2000109409   2000109409   旧书回溯/ [索取号:F426.899/3] 在馆    
山东省滨州职业学院图书馆 欢迎您!
大连网信软件有限公司© 版权所有